| 000 | 00407nam a2200145Ia 4500 | ||
|---|---|---|---|
| 008 | 220217s9999||||xx |||||||||||||| ||und|| | ||
| 020 | _a978-81-317-2538-2 | ||
| 082 | _a658.3 DES | ||
| 100 | _aDessler, Gary, Varkkey, Biju | ||
| 245 | 0 | _aHuman resource management | |
| 250 | _a11th | ||
| 260 |
_aPearson education of asia _bNew Delhi _c2009 |
||
| 300 | _b465 | ||
| 650 | _aHUMAN RESOURCE MANAGEMENT | ||
| 999 |
_c178535 _d178535 |
||